01672nam a2200433 i 450000100060000000300080000600500170001400600190003100700150005000800410006502000180010603500230012403500240014703500250017103500220019604000310021805000230024908200120027224501310028426400650041530000410048033600310052133700330055233800430058549000250062858801240065359001640077765000230094165000170096465000230098165500270100470000290103170000250106070000290108579700190111483000260113385600620115999900170122160081FlNmELB20241217142045.0m o d | cr cnu||||||||150608s2008 sp o 000 0 spa d z9788478407552 a(MiAaPQ)EBC3199497 a(Au-PeEL)EBL3199497 a(CaPaEBR)ebr10565745 a(OCoLC)1010606919 aFINmELBbspaerdacFINmELB 4aQE501.3bE825 20080 a55122303aEl estudio y la gestión de los riesgos geológicos /ceditores: I. Galindo Jiménez, L. Laín Huerta, M. Llorente Isidro. 1aMadrid :bInstituto Geológico y Minero de España,c2008. a1 recurso en línea (205 páginas) atextobtxt2rdacontent/spa acomputadorabc2rdamedia/spa arecurso en líneabcr2rdacarrier/spa1 aMedio ambiente ;v12 aDescripción basada en recurso en línea; Título de la página del título en PDF (e-libro, visto June 08, 2015). aRecurso electrónico. Santa Fe, Arg.: e-libro, 2015. Disponible vía World Wide Web. El acceso puede estar limitado para las bibliotecas afiliadas a e-libro. 4aRiesgos naturales. 0aGeodynamics. 0aNatural disasters. 4aLibros electrónicos.1 aGalindo Jiménez, Ines.1 aLaín Huerta, Luis.1 aLlorente Isidro, Miguel.2 ae-libro, Corp. 0aMedio ambiente ;v12.40uhttps://elibro.net/ereader/politecnicointernacional/52576 c60081d60081